000 00407nam a2200133 a 4500
001 000032249
005 20200930063545.0
008 110713s1987 dr 000 0 spa d
040 _aDO-SdBNP
_bspa
_cBNPHU
245 0 0 _aMesa redonda sobre el bicentenario de la constitución de Estados Unidos de América.
260 _aSanto Domingo :
_bEditora Tiempo,
_c1987.
300 _a48 p. ;
_c23 cm.
049 _aBNPD
999 _c31740
_d31740